000 00312nam a22001337a 4500
082 _a894.812
_bMAD/E
100 _aMADHU NAIR
245 _aETHIOPIAYIL ETHIYAPPOL
250 _aFIRST EDITION
260 _aTRIVANDRUM
_bINDIA BOOKS
_c2016
300 _a50
650 _a MALAYALAM TRAVELOGUE
_zETHIOPIA
942 _cBK
999 _c6982
_d6982